000 00819nas a2200241 454500
001 29309
005 20260407193507.0
008 260407s1980####ag###########|||spa#d
003 AR-UNSa-BCEJYS
040 _aAR-UNSa-BCEJYS
_bspa
_cAR-UNSa-BCEJYS
080 _a657
_xContabilidad
245 1 0 _aRevista Interamericana de Contabilidad
_nInteramerican Accounting Magazine
264 1 _aSanto Domingo :
_bAIC
_c1980
310 _aFrecuencia: Trimestral
041 _aspa
942 _cSER
590 _aniveau_biblio:s niveau_hierar:1
100 1 _aAsociación Interamericana de Contabilidad (AIC)
700 1 _aBarajas, Jorge
650 _aCONTABILIDAD
650 _aFinanzas
856 4 1 _uhttps://biblioeco.unsa.edu.ar/pmb/images/revistas/Revista Interamericana de Contabilidad-r14162.jpg
_yImagen de portada
_qimage/jpeg
999 _c8667
_d8667